UM Logo

Pathways to astronomy/ (Record no. 3344)

MARC details
000 -LEADER
fixed length control field 00560nam a2200169 4500
008 - FIXED-LENGTH DATA ELEMENTS--GENERAL INFORMATION
fixed length control field 160711b xxu||||| |||| 00| 0 eng d
020 ## - INTERNATIONAL STANDARD BOOK NUMBER
International Standard Book Number 978-0-07-110743-3
082 ## - DEWEY DECIMAL CLASSIFICATION NUMBER
Edition number 2007
Classification number DC 520
Item number Sch5p
100 ## - MAIN ENTRY--PERSONAL NAME
9 (RLIN) 11140
Personal name Schneider, Stephen E.
245 ## - TITLE STATEMENT
Title Pathways to astronomy/
Statement of responsibility, etc. Stephen E. Schneider and Thomas T. Arny.
260 ## - PUBLICATION, DISTRIBUTION, ETC. (IMPRINT)
Place of publication, distribution, etc. Boston:
Name of publisher, distributor, etc. McGraw-Hill Higher Education,
Date of publication, distribution, etc. c2007.
300 ## - PHYSICAL DESCRIPTION
Extent xx, 699 pages:
Other physical details illustrations;
Dimensions 28 cm.
500 ## - GENERAL NOTE
General note Includes index.
650 #0 - SUBJECT ADDED ENTRY--TOPICAL TERM
9 (RLIN) 11141
Topical term or geographic name as entry element Astronomy
700 ## - ADDED ENTRY--PERSONAL NAME
9 (RLIN) 11142
Personal name Arny, Thomas T.
Relator term Author
942 ## - ADDED ENTRY ELEMENTS (KOHA)
Source of classification or shelving scheme Dewey Decimal Classification
Koha item type Circulation
Holdings
Withdrawn status Lost status Source of classification or shelving scheme Damaged status Not for loan Collection code Home library Current library Date acquired Source of acquisition Total Checkouts Full call number Barcode Date last seen Price effective from Koha item type
    Dewey Decimal Classification     Circulation UM Digos College - LIC UM Digos College - LIC 07/11/2016 Photocopied   DC 520 Sch5p 2007 21722 07/11/2016 07/11/2016 Circulation